000 00952nam a22002897a 4500
001 BR2015006602
003 BR-BrBNA
005 20230928104745.0
007 ta
008 230509b bl.||||| |||| 00| 0 por d
040 _aBR-BrBNA
_bpor
_cBiblioteca Nacional de Agricultura
041 _a(Por)
072 _aL70; L72
_b5600
090 _ 5600 BR2015006602
100 1 _aMartins, G. de C.
110 1 _aUniversidade Federal de Minas Gerais, MG (Brasil)
_0Tese (Mestrado em Ciência Animal)
_910869
245 1 _aTratamento da lesão dermonecrótica induzida pelo veneno de Loxosceles laeta com Dapsona e células-tronco mesenquimais
260 3 _aBelo Horizonte, MG (Brasil):
_c2014.
300 _a66 p.
500 _aSummaries (Eng, Por); Bibliography p.59-65; 11 illus.; 16 tables
650 _aLESAO CUTANEA
650 _aARANHA
650 _aREGENERACAO
650 _aCOELHO
909 _a202309
_bLucia
_c55
_dLucia Elande
942 _cBK
999 _c81594
_d81594